Curs de gestió de borses de lloguer : de l'1 al 5 d'octubre de 2007 de l'1 al 5 d'octubre de 2007
Publicado:
Barcelona :
Diputació de Barcelona. Àrea d'Infraestructures, Urbanisme i Habitatge. Direcció de Serveis d'Habitatge, Urbanisme i Activitats ,
2007
Descripción Física:
2 v. ; 30 cm
Colección:
Dossier ; 1 i 2
Materias:
Arrendament
Idioma:
Catalán
MARC
| LEADER | 00000nam a2200000Ia 4500 | ||
|---|---|---|---|
| 001 | 21084, 20942 | ||
| 003 | Arxiu | ||
| 005 | 20260324180110.0 | ||
| 008 | 160829s2007 spc xx s cat c | ||
| 040 | |a AGDB | ||
| 080 | |a E-1-324, E-1-311 | ||
| 245 | 0 | 0 | |a Curs de gestió de borses de lloguer : |b de l'1 al 5 d'octubre de 2007 |
| 260 | |a Barcelona : |b Diputació de Barcelona. Àrea d'Infraestructures, Urbanisme i Habitatge. Direcció de Serveis d'Habitatge, Urbanisme i Activitats, |c 2007 | ||
| 300 | |a 2 v. ; |c 30 cm | ||
| 490 | |a Dossier ; 1 i 2 | ||
| 590 | |a A la part superior de la portada: Formació. | ||
| 590 | |a A la part inferior de la portada: Provivienda | ||
| 650 | |a Arrendament |9 46254 | ||
| 710 | 1 | |a Barcelona (Catalunya : Província). |b Direcció de Serveis d'Habitatge, Urbanisme i Activitats |9 56000 | |
| 901 | |a Arxiu | ||
| 942 | |n 1 |2 udc |c ARXIU | ||
| 952 | |0 0 |1 0 |4 0 |6 E1324_E1311 |7 1 |9 53108 |a Arxiu |b Arxiu |d 2016-12-01 |l 0 |o E-1-324, E-1-311 |p 21084, 20942 |r 2016-12-01 00:00:00 |w 2016-12-01 |y ARXIU | ||
| 999 | |c 56957 |d 56957 | ||